MARC

LEADER 00000nam0a2200000 4500
001 358028
005 20231102011042.0
035 |a (RuTPU)RU\TPU\retro\15296 
090 |a 358028 
100 |a 20200812d1898 km y0rusy50 ca 
101 0 |a rus 
102 |a RU 
105 |a a z 000zy 
200 1 |a Оптические свойства кристаллических тел  |f А. В. Лаврский 
210 |a Казань  |c Типография и Литография В. М. Ключникова  |d 1898 
215 |a 48 с.  |c ил. 
300 |a Текст в русской дореформенной орфографии 
300 |a Дозволено цензурою. Г. Казань, 18 мая 1898 года 
317 |5 63413507: 108//529  |a Поступил в НТБ в 1945 г. в составе книжного собрания профессора ТПИ А. В. Лаврского 
606 1 |a Кристаллы  |x Оптические свойства  |2 stltpush  |3 (RuTPU)RU\TPU\subj\16354  |9 42444 
610 1 |a кристаллические тела 
610 1 |a кристаллооптика 
610 1 |a кристаллооптические явления 
610 1 |a кристаллооптические явления 
610 1 |a поляризационная оптика 
610 1 |a сферические поверхности 
610 1 |a оптическая структура 
610 1 |a эллипсоиды 
610 1 |a Коллекция А. В. Лаврского 
675 |a 548.0:535  |v 4 
700 1 |a Лаврский  |b А. В.  |c российский геолог  |c профессор Томского технологического института  |f 1863-1944  |g Аркадий Валерианович  |2 stltpush  |3 (RuTPU)RU\TPU\pers\13853 
801 1 |a RU  |b 63413507  |c 20200812 
801 2 |a RU  |b 63413507  |c 20211119  |g RCR 
942 |c BK